Complete reference Java 2 (Record no. 7497)

MARC details
000 -LEADER
fixed length control field 00322nam a2200133Ia 4500
008 - FIXED-LENGTH DATA ELEMENTS--GENERAL INFORMATION
fixed length control field 191201s2011 xx 000 0 und d
100 ## - MAIN ENTRY--PERSONAL NAME
Personal name SCHILDT,Herbert
245 #0 - TITLE STATEMENT
Title Complete reference Java 2
250 ## - EDITION STATEMENT
Edition statement 49th.Rep
260 ## - PUBLICATION, DISTRIBUTION, ETC. (IMPRINT)
Date of publication, distribution, etc 2011
Name of publisher, distributor, etc Tata mc Graw Hill
Place of publication, distribution, etc N. delhi
300 ## - PHYSICAL DESCRIPTION
Extent 1154
650 ## - SUBJECT ADDED ENTRY--TOPICAL TERM
Topical term or geographic name as entry element IT
942 ## - ADDED ENTRY ELEMENTS (KOHA)
Source of classification or shelving scheme Dewey Decimal Classification
Koha item type Book Bank
942 ## - ADDED ENTRY ELEMENTS (KOHA)
-- 1
Holdings
Withdrawn status Lost status Source of classification or shelving scheme Damaged status Not for loan Collection code Home library Current library Date acquired Source of acquisition Cost, normal purchase price Bill Number Total Checkouts Acc. no. / Barcode Date last seen Date last borrowed Bill Date Koha item type
    Dewey Decimal Classification     B.Tech(IT) PIET C-LIBRARY PIET C-LIBRARY 14/10/2011 Valley Book House 525.00 192 1 BB7771 03/02/2023 17/10/2022 14/10/2011 Book Bank
    Dewey Decimal Classification     B.Tech(IT) PIET C-LIBRARY PIET C-LIBRARY 14/10/2011 Valley Book House 525.00 192   BB7772 04/12/2019   14/10/2011 Book Bank
    Dewey Decimal Classification     B.Tech(IT) PIET C-LIBRARY PIET C-LIBRARY 14/10/2011 Valley Book House 525.00 192   BB7773 04/12/2019   14/10/2011 Book Bank
    Dewey Decimal Classification     B.Tech(IT) PIET C-LIBRARY PIET C-LIBRARY 14/10/2011 Valley Book House 525.00 192   BB7774 20/12/2019   14/10/2011 Book Bank
    Dewey Decimal Classification     B.Tech(IT) PIET C-LIBRARY PIET C-LIBRARY 14/10/2011 Valley Book House 525.00 192   BB7775 20/12/2019   14/10/2011 Book Bank

Design & Developed by: PIET Central Library
R70 Miles Stone Pattikalyana Samalkha Panipat 132102
mail ID :- [email protected], Phone No:- 0180-2569700 Ex.216